Des actes pour le dire aux mots pour le dire (notice n° 1642591)

détails MARC
000 -LEADER
fixed length control field 01124cam a2200217 4500500
005 - DATE AND TIME OF LATEST TRANSACTION
control field 20260201134411.0
041 ## - LANGUAGE CODE
Language code of text/sound track or separate title fre
042 ## - AUTHENTICATION CODE
Authentication code dc
100 10 - MAIN ENTRY--PERSONAL NAME
Personal name Barberat, Gilles
Relator term author
245 00 - TITLE STATEMENT
Title Des actes pour le dire aux mots pour le dire
260 ## - PUBLICATION, DISTRIBUTION, ETC.
Date of publication, distribution, etc. 2014.<br/>
500 ## - GENERAL NOTE
General note 81
520 ## - SUMMARY, ETC.
Summary, etc. Dans la mesure où le vivre ensemble demande d’abord un parler commun, la visée du travail éducatif est de favoriser et d’accueillir le langage, fût-il au départ celui de l’acte. Dès lors, le travail d’analyse de la pratique pourrait aider les professionnels pris au piège de la répétition à s’approprier ce qui fait symptôme en favorisant la (re)mise en sens de l’insensé, le retour d’une pensée sur l’impensable, le travail d’élaboration sur l’in-élaborable ou de mise en mots de l’innommable.
690 ## - LOCAL SUBJECT ADDED ENTRY--TOPICAL TERM (OCLC, RLIN)
Topical term or geographic name as entry element contamination
690 ## - LOCAL SUBJECT ADDED ENTRY--TOPICAL TERM (OCLC, RLIN)
Topical term or geographic name as entry element innommable
690 ## - LOCAL SUBJECT ADDED ENTRY--TOPICAL TERM (OCLC, RLIN)
Topical term or geographic name as entry element non-dit
690 ## - LOCAL SUBJECT ADDED ENTRY--TOPICAL TERM (OCLC, RLIN)
Topical term or geographic name as entry element répétition
690 ## - LOCAL SUBJECT ADDED ENTRY--TOPICAL TERM (OCLC, RLIN)
Topical term or geographic name as entry element violences
786 0# - DATA SOURCE ENTRY
Note Empan | 92 | 4 | 2014-01-01 | p. 68-76 | 1152-3336
856 41 - ELECTRONIC LOCATION AND ACCESS
Uniform Resource Identifier <a href="https://shs.cairn.info/revue-empan-2013-4-page-68?lang=fr&redirect-ssocas=7080">https://shs.cairn.info/revue-empan-2013-4-page-68?lang=fr&redirect-ssocas=7080</a>

Pas d'exemplaire disponible.

PLUDOC

PLUDOC est la plateforme unique et centralisée de gestion des bibliothèques physiques et numériques de Guinée administré par le CEDUST. Elle est la plus grande base de données de ressources documentaires pour les Étudiants, Enseignants chercheurs et Chercheurs de Guinée.

Adresse

627 919 101/664 919 101

25 boulevard du commerce
Kaloum, Conakry, Guinée

Réseaux sociaux

Powered by Netsen Group @ 2025